Представление документа в формате RUSMARC

ПолеНазваниеЗначение
  Тип записи a
  Библиографический уровень m
001 Контрольный номер RU/IS/BASE/403261528
005 Дата корректировки 20250530162412.2
010 Индекс ISBN __
a ISBN 978-5-271-39931-2
d Цена 324-68
101 Язык документа 0_
a Язык текста rus
200 Заглавие и сведения об ответственности 1_
a Заглавие Самые смелые мечты сбываются!
e Сведения, относящиеся к заглавию современная психология для женщин
f Первые сведения об ответственности Евгения Харитонова
b Общее обозначение материала Текст
210 Выходные данные 1_
a Место издания М.
c Издательство Астрель
d Дата издания 2012
215 Физическое описание __
a Объем 255, [1] с.
d Формат 21
225 Серия 2_
a Серия Психология для женщин
320 Библиография __
a Библиография Библиогр. в конце кн. (15 назв.)
330 Аннотация __
a Аннотация Самые смелые мечты сбываются! Новая книга Евгении Харитоновой, известного психолога, специалиста по личностному развитию, ведущей популярной рубрики «Вопросы психологу» в журнале «Все для женщины» с полумиллионной аудиторией читателей! В книгу отобраны лучшие авторские упражнения и психологические практики, нацеленные на достижение успеха, увеличение личной эффективности, осознанности, успешности, результативности - на осуществление вашей сокровенной мечты о достойной и счастливой жизни.
606 Тематические рубрики __
a Основная рубрика Психология
2 Код системы nlr_sh
606 Тематические рубрики __
a Основная рубрика Социальная психология
2 Код системы nlr_sh
610 Ключевые слова 0_
a Ключевые слова женщины; социально-психологические исследования; женская психология; психология женщин; успешность; саморазвитие; самосовершенствование; счастье; психологические приемы; психологические упражнения; психологические тренинги
686 Индексы других классификаций __
a Классификационный индекс 88.532
2 Код системы rubbks
700 Автор _1
a Фамилия Харитонова
b Имя Е. В.
g Полное личное имя Евгения Владимировна
4 Код отношения 070
801 Источник записи _0
a Страна RU
b Организация Муниципальное бюджетное учреждение культуры "Централизованная библиотечная система" г. Сургут (Центральная городская библиотека им. А. С. Пушкина)
g Правила каталогизации PSBO
c Дата составления 20121010
801 Источник записи _1
a Страна RU
b Организация Муниципальное бюджетное учреждение культуры "Централизованная библиотечная система" г. Сургут (Центральная городская библиотека им. А. С. Пушкина)
g Правила каталогизации PSBO
c Дата составления 20121010
852 Данные о местонахождении __
j Шифр хранения 88.532
i Авторский знак Х 20
c Каталожный индекс 88.5
901 Тип документа __
t Тип документа m
a Ответственный КиК/Котельникова
903 Характеристики (МАРС) __
a Дата передачи 20121010
c Наименование библиотеки (МАРС) Муниципальное бюджетное учреждение культуры "Централизованная библиотечная система" г. Сургут (Центральная городская библиотека им. А. С. Пушкина)
990 Данные о заказе (DOS) __
j Количество экземпляров (DOS) 7
h N записи в КСУ для Б/У (DOS) 201210